History Quiz

Random History or Year Quiz

Historical Events of 1989 Quiz Stats

 Plays Quiz Updated Oct 23, 2018

Score 0/24 Timer 08:00
0 Plays Today
Date Answer % Correct
July 5Seinfeld
86.2%
June 3Iran
85.4%
December 17The Simpsons
84.6%
November 9The Berlin Wall
72.1%
August 25Neptune
69.4%
March 24Exxon Valdez
67.5%
August 24Pete Rose
64.9%
June 23Batman
63.3%
December 13Driving Miss Daisy
60%
May 25Mikhail S. Gorbachev
58.7%
February 24Salman Rushdie
53.8%
October 17San Francisco, California
53%
Date Answer % Correct
January 7Hirohito
51.3%
August 14Genesis
50.6%
May 4Oliver North
46.8%
January 24Theodore Bundy
46.2%
April 25Motorola
45.6%
June 4Tiananmen Square
42.7%
December 20Panama
26.5%
October 6Bette Davis
21.4%
September 21Hugo
20.8%
November 16Velvet Revolution
19.8%
December 22Jordin Sparks
17.7%
May 6Yugoslavia
8.1%

You're not logged in!

Compare scores with friends on all Sporcle quizzes.
OR
Log In

Sporcle TV

Today on Sporcle TV


Watch our educational content, quiz creation guides, and fun videos on Sporcle TV.

Show Comments

Extras

Top Quizzes Today


Score Distribution

Your Account Isn't Verified!

In order to create a playlist on Sporcle, you need to verify the email address you used during registration. Go to your Sporcle Settings to finish the process.

Report this User

Report this user for behavior that violates our Community Guidelines.

Details: